00233nam a22000857a 4500008004100000100001600041245004600057260003400103300001000137240529b |||||||| |||| 00| 0 eng d aBahal, J,C, aElements of Commerce and Business Methods aBombay:bNew Book pub;c1967. a344p.